Alessandro il Grande: la storia, il mito e le eredità culturali
Shranjeno v:
| Glavni avtor: | |
|---|---|
| Format: | Knjiga |
| Jezik: | italijanščina |
| Izdano: |
Nápoles
Edises
2014
|
| Izdaja: | 1a. ed |
| Serija: | Biografie II Mondo Antico le Vite dei Protagonisti
|
| Teme: | |
| Oznake: |
Označite
Brez oznak, prvi označite!
|
MARC
| LEADER | 00000cam a2200000 a 4500 | ||
|---|---|---|---|
| 001 | UCD9283 | ||
| 003 | CL-VaPUC | ||
| 008 | 170609e20140000it |||||||||||||||||ita|d | ||
| 020 | |a 9788879598156 | ||
| 082 | 0 | 4 | |a 923.1 |b BRA |2 21 |
| 100 | 0 | |a Braccesi, Lorenzo |e author |9 592985 | |
| 245 | 1 | 0 | |a Alessandro il Grande: la storia, il mito e le eredità culturali |
| 250 | |a 1a. ed | ||
| 300 | |a 127 p | ||
| 942 | |c BK | ||
| 945 | |d 20170609 16:51:00 |a arojas | ||
| 260 | |a Nápoles |b Edises |c 2014 | ||
| 600 | 0 | |a Magno, Alejandro |9 318232 | |
| 650 | 0 | |a Biografías |9 255210 | |
| 650 | 7 | |a EMPERADORES |2 CL-VaPUC |9 333943 | |
| 650 | 0 | |a Historia de Roma |9 315349 | |
| 583 | |a last modification |c 20170609 16:51:00 |k Rodrigo Vera | ||
| 490 | 0 | |a Biografie II Mondo Antico le Vite dei Protagonisti | |
| 999 | |c 368515 |d 368513 | ||
| 952 | |0 0 |1 0 |3 erb |4 0 |6 923_100000000000000_BRA_2014 |7 0 |8 A |9 483869 |a FDOLAF |b FDOLAF |i 5396670 |o 923.1 BRA 2014 |p 5396670 |r 2024-01-30 |w 2019-11-24 |y BK |z Catalogado en:20170609 |k LAF | ||